Chiens de fictions par images - Statistiques

Statistiques générales
  • Ce quiz a été pris 222 fois
  • Le résultat moyen est 13 sur 20
Statistiques - réponses
Par images Réponse % Correct
idéfix
94%
Volt
94%
Milou
92%
Pluto
92%
Scooby
89%
Belle
88%
Bill
88%
Snoopy
84%
Clochard
81%
Lassie
68%
Rouky
65%
Zig Zag
55%
Clifford
53%
Gromit
52%
Lady
46%
Odie
40%
Petit papa noël
40%
Droopy
25%
Courage
15%
Seymour
3%
Aucun quiz correspondant
Distribution des résultats
% des personnes avec chaque résultat
Percentile par nombre de réponses
Votre historique - résultats
Vous n’avez pas pris ce quiz